Zgadnij klub z Polskiej ligi po przydomku [ciężkie] - Statystyki

Ogólne statystyki
  • Ten quiz został rozwiązany 24 razy
  • Średni wynik to 7 z 20
Statystyki odpowiedzi
Przydomek Klub % Poprawnych
Władcy Torunia Elana Toruń
90%
KSZOki KSZO Ostrowiec Świętokrzyski
90%
Rodowici Chełmianie Chełmianka Chełm
81%
Sączersi Sandecja Nowy Sącz
76%
Zetka Zawisza Bydgoszcz
52%
Wyspiarze Flota Świnoujście
43%
Rycerze Księstwa Słupskiego Gryf Słupsk
43%
Jaskółki Unia Tarnów
43%
Oponiarze Stomil Olsztyn
33%
Chłopcy z Placu Broni Broń Radom
24%
Łoka Wisłoka Dębica
24%
Lotnicy Avia Świdnik
19%
Lomdyńczycy ŁKS Łomża
19%
Uniści Unia Oświęcim
19%
Lonia Polonia Przemyśl
10%
Duma Dzielnicy Świt Skolwin
10%
Obuwnicy Carina Gubin
5%
Duma Miasta Energetyków Czarni Połaniec
5%
Szatany Pelikan Łowicz
0%
Diabły Tasmańskie Stilon Gorzów Wlkp.
0%
Nie znaleziono quizów pasujących do podanych kryteriów
Rozkład punktacji
Procent ludzi z każdym wynikiem
Percentyl według liczby udzielonych odpowiedzi
Twoja historia wyników
Nie rozwiązałeś tego quizu